| 000 | 00476nab a2200145Ia 4500 | ||
|---|---|---|---|
| 003 | ES-SlBCS | ||
| 005 | 20210601133736.0 | ||
| 008 | 140529s2002 xxu||||| |||| 00| 0 por d | ||
| 041 | _apor | ||
| 100 | 1 |
_aChaves-Tannús, Marcio _9209061 |
|
| 245 | 0 | 0 |
_aAlgumas questoes relativas à dialética aristotélica _c Marcio Chaves-Tannús |
| 650 | 0 | 4 |
_aDialéctica Aristotélica _9142658 |
| 773 | 0 |
_tEducaçao e Filosofia _gvol. 16, nº. 32, 2002, págs. 11-30 _wRev1534 |
|
| 942 | _cAR | ||
| 999 |
_c601399 _d601399 |
||